000
00285nam a2200121Ia 4500
008
190722s9999 xx 000 0 und d
020
_a
978-0-393-07005-7
100
_a
Richard C Francis
245
0
_a
Epi Genetics
260
_a
New York
_b
Norton
_c
2011
300
_a
324
942
_c
BK
999
_c
1081
_d
1081